000 00869cam a22002891a 4500
999 _c7617
_d7617
003 BD-JhCC
005 20180212124816.0
008 711124s1965 nyuab b 001 0 eng
029 1 _aNLGGC
_b784652767
029 1 _aNZ1
_b3835396
029 1 _aAU@
_b000000650591
035 _aBD-JhCC
040 _aDLC
_cDLC
_dLVB
_dMYG
_dBD-JhCC
041 _aeng
050 0 _aQE26.H65 1965
082 _a550
_bHOL 1965
100 1 _aHolmes, Arthur,
_d1890-1965.
245 1 0 _aPrinciples of physical geology /
_cArthur Holmes.
250 _aNew and fully rev. ed.
260 _aNew York :
_bRonald Press Company,
_c[1965]
300 _axv, 1288 p. :
_bill., maps ;
_c24 cm.
504 _aIncludes bibliographical references and index.
650 0 _aPhysical geology.
942 _2ddc
_cBK
949 0 _3g
_ax
_bLSA
_cOCC
_o0
_p39080034067543
_x15
_hQE26.H65 1965